Řízení lidských zdrojů /

Enregistré dans:
Détails bibliographiques
Auteurs principaux: Milkovich, George T (Auteur), Boudreau, John W (Auteur)
Format: Livre
Langue:tchèque
Publié: Praha : Grada, 1993
Tags: Ajouter un tag
Pas de tags, Soyez le premier à ajouter un tag!

MARC

LEADER 00000nam a22000003a 4500
001 stu27239
005 20150617225739.8
008 931223s1993----cs------------------cze-d
020 |a 80-85623-29-3 
040 |a STU  |b slo 
041 0 |a cze 
044 |a cs 
080 |a 331.01 
080 |a 368.4 
080 |a 658.3 
100 1 |a Milkovich, George T  |4 aut 
245 1 |a Řízení lidských zdrojů /  |c [aut]Milkovich,George T.;Boudreau,John W 
260 |a Praha :  |b Grada,  |c 1993 
300 |a 930 s 
700 1 |a Boudreau, John W  |4 aut 
996 |b 284V027598  |c V*42998/O-18501a  |l VVT  |s A  |a 24  |w stu27239_0002